000 00407nam a2200157 4500
008 190208s2009||||xo d
100 1 _aStrelková Jarmila
_9879
245 1 0 _aKultúra, osveta a turizmus
250 _a1.vydanie
260 _bNárodné osvetové centrum
_aBratislava
_c2009
300 _a97 s.
020 _a978-80-7121-316-1
_c0
041 1 _aslo
044 _axo
_cSK
958 _aAPR
999 _c22118
_d22118